000 00763nam0a22002411 4500
001 rc\510615
005 20030616164852.0
035 _a(NLR Aleph) 005750678
090 _a4836371
_c4836371
100 _a20030616d1988 u |0rusy50 ca
101 0 _arus
102 _aRU
105 _ay |||||||||
200 1 _aОбыкновенная психология "необыкновенных чудес"
210 _aМ.
_cЗнание
_d1988
215 _a63, [1] с.
_d20
225 1 _aНовое в жизни, науке, технике
_iНаучный атеизм
_v11/1988
700 1 _aВенда
_bВ. Ф.
_gВалерий Федорович
801 0 _aRU
_bNLR
_gpsbo
801 1 _aRU
_bELAR
_2rusmarc
852 _aNLR
_j88-4/23162
942 _cBOOK
980 _aNB